<?xml version="1.0" encoding="UTF-8"?>
<record
    xmlns:xsi="http://www.w3.org/2001/XMLSchema-instance"
    xsi:schemaLocation="http://www.loc.gov/MARC21/slim http://www.loc.gov/standards/marcxml/schema/MARC21slim.xsd"
    xmlns="http://www.loc.gov/MARC21/slim">

  <leader>00605cam a22002178a 4500</leader>
  <controlfield tag="005">20240122150027.0</controlfield>
  <controlfield tag="008">120502s2014    mau           000 0 eng  </controlfield>
  <datafield tag="010" ind1=" " ind2=" ">
    <subfield code="a">  2012012118</subfield>
  </datafield>
  <datafield tag="020" ind1=" " ind2=" ">
    <subfield code="a">9781449679545 </subfield>
  </datafield>
  <datafield tag="020" ind1=" " ind2=" ">
    <subfield code="a">1449679544</subfield>
  </datafield>
  <datafield tag="040" ind1=" " ind2=" ">
    <subfield code="a">DLC</subfield>
    <subfield code="c">DLC</subfield>
  </datafield>
  <datafield tag="082" ind1="0" ind2="0">
    <subfield code="a">512.5</subfield>
    <subfield code="2">23</subfield>
    <subfield code="b">WIL</subfield>
  </datafield>
  <datafield tag="100" ind1="1" ind2=" ">
    <subfield code="a">Williams, Gareth,</subfield>
    <subfield code="d">1937-</subfield>
    <subfield code="9">4601</subfield>
  </datafield>
  <datafield tag="245" ind1="1" ind2="0">
    <subfield code="a">Linear algebra with applications </subfield>
    <subfield code="c">Gareth Williams.</subfield>
  </datafield>
  <datafield tag="250" ind1=" " ind2=" ">
    <subfield code="a">8th ed.</subfield>
  </datafield>
  <datafield tag="260" ind1=" " ind2=" ">
    <subfield code="a">Burlington, Mass. :</subfield>
    <subfield code="b">Jones &amp; Bartlett Learning,</subfield>
    <subfield code="c">c2014.</subfield>
  </datafield>
  <datafield tag="263" ind1=" " ind2=" ">
    <subfield code="a">1111</subfield>
  </datafield>
  <datafield tag="300" ind1=" " ind2=" ">
    <subfield code="a">xxi, 589p. :</subfield>
  </datafield>
  <datafield tag="650" ind1=" " ind2="0">
    <subfield code="a">Algebras, Linear</subfield>
    <subfield code="9">10720</subfield>
  </datafield>
  <datafield tag="942" ind1=" " ind2=" ">
    <subfield code="2">ddc</subfield>
    <subfield code="c">BK</subfield>
  </datafield>
  <datafield tag="999" ind1=" " ind2=" ">
    <subfield code="c">11522</subfield>
    <subfield code="d">11522</subfield>
  </datafield>
  <datafield tag="952" ind1=" " ind2=" ">
    <subfield code="0">0</subfield>
    <subfield code="1">0</subfield>
    <subfield code="4">0</subfield>
    <subfield code="7">0</subfield>
    <subfield code="8">NFIC</subfield>
    <subfield code="a">CL</subfield>
    <subfield code="b">CL</subfield>
    <subfield code="c">GEN</subfield>
    <subfield code="d">2013-01-24</subfield>
    <subfield code="e">Progressive International Agencies</subfield>
    <subfield code="g">14554.68</subfield>
    <subfield code="l">6</subfield>
    <subfield code="m">3</subfield>
    <subfield code="o">512.5 WIL</subfield>
    <subfield code="p">SEECS011898</subfield>
    <subfield code="r">2026-02-18</subfield>
    <subfield code="s">2024-03-10</subfield>
    <subfield code="w">2013-01-29</subfield>
    <subfield code="y">BK</subfield>
  </datafield>
  <datafield tag="952" ind1=" " ind2=" ">
    <subfield code="0">0</subfield>
    <subfield code="1">0</subfield>
    <subfield code="4">0</subfield>
    <subfield code="7">0</subfield>
    <subfield code="8">NFIC</subfield>
    <subfield code="a">CL</subfield>
    <subfield code="b">CL</subfield>
    <subfield code="c">GEN</subfield>
    <subfield code="d">2013-01-24</subfield>
    <subfield code="e">Progressive International Agencies</subfield>
    <subfield code="g">14554.68</subfield>
    <subfield code="l">9</subfield>
    <subfield code="m">2</subfield>
    <subfield code="o">512.5 WIL</subfield>
    <subfield code="p">SEECS011899</subfield>
    <subfield code="q">2026-03-22</subfield>
    <subfield code="r">2025-07-11</subfield>
    <subfield code="s">2025-07-11</subfield>
    <subfield code="w">2013-01-29</subfield>
    <subfield code="y">BK</subfield>
  </datafield>
  <datafield tag="952" ind1=" " ind2=" ">
    <subfield code="0">0</subfield>
    <subfield code="1">0</subfield>
    <subfield code="4">0</subfield>
    <subfield code="7">0</subfield>
    <subfield code="8">NFIC</subfield>
    <subfield code="a">CL</subfield>
    <subfield code="b">CL</subfield>
    <subfield code="c">GEN</subfield>
    <subfield code="d">2013-01-24</subfield>
    <subfield code="e">Progressive International Agencies</subfield>
    <subfield code="g">14554.68</subfield>
    <subfield code="l">7</subfield>
    <subfield code="m">7</subfield>
    <subfield code="o">512.5 WIL</subfield>
    <subfield code="p">SEECS011900</subfield>
    <subfield code="q">2026-03-11</subfield>
    <subfield code="r">2026-02-09</subfield>
    <subfield code="s">2026-02-09</subfield>
    <subfield code="w">2013-01-29</subfield>
    <subfield code="y">BK</subfield>
  </datafield>
  <datafield tag="952" ind1=" " ind2=" ">
    <subfield code="0">0</subfield>
    <subfield code="1">0</subfield>
    <subfield code="4">0</subfield>
    <subfield code="7">0</subfield>
    <subfield code="8">NFIC</subfield>
    <subfield code="a">CL</subfield>
    <subfield code="b">CL</subfield>
    <subfield code="c">GEN</subfield>
    <subfield code="d">2013-01-24</subfield>
    <subfield code="e">Progressive International Agencies</subfield>
    <subfield code="g">14554.68</subfield>
    <subfield code="l">4</subfield>
    <subfield code="m">2</subfield>
    <subfield code="o">512.5 WIL</subfield>
    <subfield code="p">SEECS011901</subfield>
    <subfield code="q">2026-02-20</subfield>
    <subfield code="r">2026-01-21</subfield>
    <subfield code="s">2026-01-21</subfield>
    <subfield code="w">2013-01-29</subfield>
    <subfield code="y">BK</subfield>
  </datafield>
  <datafield tag="952" ind1=" " ind2=" ">
    <subfield code="0">0</subfield>
    <subfield code="1">0</subfield>
    <subfield code="4">0</subfield>
    <subfield code="7">0</subfield>
    <subfield code="8">NFIC</subfield>
    <subfield code="a">CL</subfield>
    <subfield code="b">CL</subfield>
    <subfield code="c">GEN</subfield>
    <subfield code="d">2013-01-24</subfield>
    <subfield code="e">Progressive International Agencies</subfield>
    <subfield code="g">14554.68</subfield>
    <subfield code="l">5</subfield>
    <subfield code="m">6</subfield>
    <subfield code="o">512.5 WIL</subfield>
    <subfield code="p">SEECS011902</subfield>
    <subfield code="q">2025-03-26</subfield>
    <subfield code="r">2025-02-24</subfield>
    <subfield code="s">2025-02-24</subfield>
    <subfield code="w">2013-01-29</subfield>
    <subfield code="y">BK</subfield>
  </datafield>
</record>
